| 000 | 00631cam a22002173a 4500 | ||
|---|---|---|---|
| 001 | 36575 | ||
| 003 | PGUSA | ||
| 005 | 20140828083806.0 | ||
| 008 | 110701s2011||||xxu|||||s|||||000 | eng d | ||
| 040 |
_aPGUSA _beng |
||
| 042 | _adc | ||
| 100 | 1 | _aJephson, Robert | |
| 245 | 1 | 4 |
_aThe Count of Narbonne : _bA Tragedy, in Five Acts _h[electronic resource] / _cRobert Jephson |
| 260 |
_bProject Gutenberg, _c2011 |
||
| 506 | _aPublic domain in the USA. | ||
| 516 | _aElectronic text | ||
| 700 | 1 |
_aInchbald, _cMrs, _d1753-1821 |
|
| 830 | 0 |
_aProject Gutenberg _v36575 |
|
| 856 | 4 | 0 | _uhttp://www.gutenberg.org/ebooks/36575 |
| 942 | _cEB | ||
| 999 |
_c265830 _d265830 |
||